MDQL
is popping MORE tags! Check the
thread
!
Quizzes
Events
Quiz Creation
Community
Videos
Private Events
Remove Ads
Sign In
Join for FREE
Feedback
Dark Mode
Quiz Categories
Sports
Geography
Music
Movies
Television
Just For Fun
Miscellaneous
History
Literature
Language
Science
Gaming
Entertainment
Religion
Holiday
For Kids
Quiz Lab
Recent
Popular Today
Quiz Kudos Today
Editor Picks
Curator Picks
Quizzes by...
Day
Popularity
Type
Ratings
Length
Year
Community
Subscriptions
Recent Discussions
Orange Saloon
Badges
Playlists
Quests
Create
Leaderboards
Showdown
Live 5
Trivia Bingo
Activity
Puzzle Library
Sporcle Events
Private Events
Virtual Trivia
Globe League
Become a Host
Pub Owners
SporcleCon
Opinionation
Our Games
Videos
Blog
Mobile Apps
Partnerships
Remove Ads and Go Orange
Feedback
Sports
Athletes
MLB
NBA
NHL
NFL
Soccer
Sports Teams
WWE
NCAA
Football
Premier League
Basketball
Baseball
Hockey
Golf
Tennis
Cricket
Rugby
Auto Racing
Olympics
World Cup
Sports
Athletes
MLB
NBA
NHL
NFL
Soccer
Sports Teams
WWE
NCAA
Football
Premier League
Basketball
Baseball
Hockey
Golf
Tennis
Cricket
Rugby
Auto Racing
Olympics
World Cup
Random Quiz
Search Sporcle
×
Quiz Lab
Quiz Lab
Sports
NCAA
Type in answers that appear in a list
Type in answers that appear in a list
Classic
Best Score? Go Orange.
NCAA Men's Basketball All Americans (1970s) Stats
Can you name the NCAA Men's Basketball Consensus All Americans of the 1970s
By
commiesmasher
13m
110 Questions
289 Plays
289 Plays
289 Plays
Comments
Comments
Give Quiz Kudos
Give Quiz Kudos
-
- Ratings
hide this ad
Replay
Link that replays current quiz
Next Quiz
Link to next quiz in quiz playlist
You Got
0%
They Got
Avg Score
63%
Avg Friend Score
Upgrade to see
Score Distribution
Jump to the score distribution portion of the page
Score
0/110
Timer
13:00
0
Plays Today
Team
Player
% Correct
1972 1st Team
Bill Walton
96.5%
1973 1st Team
Bill Walton
96.5%
1974 1st Team
Bill Walton
96.5%
1978 1st Team
Larry Bird
96.2%
1979 1st Team
Larry Bird
96.2%
1979 1st Team
Magic Johnson
95.2%
1977 1st Team
Marques Johnson
94.8%
1973 1st Team
David Thompson
93.1%
1974 1st Team
David Thompson
93.1%
1975 1st Team
David Thompson
93.1%
1977 2nd Team
Mychal Thompson
93.1%
1978 1st Team
Mychal Thompson
93.1%
1970 1st Team
Pete Maravich
88.9%
1976 1st Team
Kent Benson
87.9%
1977 1st Team
Kent Benson
87.9%
1970 2nd Team
Austin Carr
87.2%
1971 1st Team
Austin Carr
87.2%
1976 2nd Team
Bernard King
84.8%
1977 1st Team
Bernard King
84.8%
1970 1st Team
Bob Lanier
84.1%
1975 1st Team
Scott May
83.4%
1976 1st Team
Scott May
83.4%
1976 2nd Team
Phil Ford
83.4%
1977 1st Team
Phil Ford
83.4%
1978 1st Team
Phil Ford
83.4%
1975 2nd Team
Ron Lee
82%
1977 2nd Team
Butch Lee
82%
1978 1st Team
Butch Lee
82%
1970 1st Team
Calvin Murphy
80.6%
1975 1st Team
John Lucas
80.6%
1976 1st Team
John Lucas
80.6%
1975 1st Team
Adrian Dantley
79.9%
1976 1st Team
Adrian Dantley
79.9%
1979 1st Team
Sidney Moncrief
78.5%
1971 1st Team
Artis Gilmore
78.2%
1973 1st Team
Keith Wilkes
77.9%
1974 1st Team
Keith Wilkes
77.9%
Team
Player
% Correct
1970 2nd Team
Sidney Wicks
75.4%
1971 1st Team
Sidney Wicks
75.4%
1974 2nd Team
Bobby Jones
75.1%
1977 2nd Team
Bill Cartwright
75.1%
1979 2nd Team
Bill Cartwright
75.1%
1970 1st Team
Dan Issel
74%
1973 1st Team
Doug Collins
74%
1970 2nd Team
Jim Collins
73.7%
1975 2nd Team
Gus Williams
72.7%
1978 2nd Team
Freeman Williams
72.7%
1979 2nd Team
Sly Williams
72.7%
1970 1st Team
Rick Mount
70.2%
1979 1st Team
Mike Gminski
69.6%
1973 2nd Team
Tom Burleson
69.2%
1978 2nd Team
Jack Givens
68.5%
1972 1st Team
Bob McAdoo
68.2%
1973 2nd Team
Kermit Washington
67.8%
1976 1st Team
Richard Washington
67.8%
1977 1st Team
Rickey Green
67.8%
1977 2nd Team
Ernie Grunfeld
65.7%
1974 2nd Team
Len Elmore
64%
1972 1st Team
Henry Bibby
61.9%
1971 2nd Team
Howard Porter
61.2%
1974 1st Team
Marvin Barnes
60.6%
1979 2nd Team
Killy Tripucka
59.9%
1973 2nd Team
Jim Brewer
58.5%
1978 2nd Team
Ron Brewer
58.5%
1973 1st Team
Ernie DiGregorio
57.1%
1978 2nd Team
Rick Robey
56.7%
1974 2nd Team
Campy Russell
55%
1978 1st Team
David Greenwood
54.3%
1979 1st Team
David Greenwood
54.3%
1973 2nd Team
Tom McMillen
54%
1974 1st Team
John Shumate
54%
1970 2nd Team
Charlie Scott
53.3%
1975 1st Team
Dave Meyers
52.9%
1971 2nd Team
Curtis Rowe
49.8%
Team
Player
% Correct
1975 2nd Team
Kevin Grevey
49.8%
1979 2nd Team
Jim Spanarkel
49.8%
1971 1st Team
Jim McDaniels
49.5%
1979 2nd Team
MIke O'Koren
48.4%
1976 2nd Team
Mitch Kupchak
48.1%
1972 1st Team
Dwight Lamar
47.4%
1973 1st Team
Dwight Lamar
47.4%
1976 2nd Team
Phil Sellers
46%
1973 2nd Team
Larry Finch
45.3%
1972 1st Team
Jim Chones
44.6%
1970 2nd Team
John Roche
43.6%
1971 2nd Team
John Roche
43.6%
1977 1st Team
Otis Birdsong
43.6%
1971 2nd Team
Johnny Neumann
42.6%
1974 2nd Team
Billy Knight
42.6%
1972 1st Team
Ed Ratleff
42.2%
1973 1st Team
Ed Ratleff
42.2%
1972 1st Team
Tom Riker
39.8%
1977 2nd Team
Phil Hubbard
39.8%
1971 1st Team
Dean Meminger
37.4%
1979 2nd Team
Jim Paxson
37.4%
1973 2nd Team
Kevin Joyce
37%
1975 2nd Team
Leon Douglas
37%
1974 2nd Team
Larry Fogle
35.3%
1979 2nd Team
Calvin Natt
33.6%
1972 2nd Team
Jim Price
32.9%
1972 2nd Team
Barry Parkhill
31.8%
1977 2nd Team
Rod Griffin
31.5%
1978 2nd Team
Rod Griffin
31.5%
1972 2nd Team
Rich Fuqua
30.8%
1977 2nd Team
Greg Ballard
28.4%
1976 2nd Team
Earl Tatum
27.3%
1975 2nd Team
Luther Burden
26.6%
1971 2nd Team
Ken Durrett
22.1%
1972 2nd Team
Bud Stallworth
18.3%
1972 2nd Team
Henry Wilmore
15.6%
Quiz Playlist
Details
Report
Send in Message
Add To Playlist
Classic:
Type in answers that appear in a list
Last Updated: Oct 18, 2019
Quiz Scoreboard
CHALLENGE
Sign Up to Join the Scoreboard
Show All
Scores
Hide
Comments
May contain spoilers
Recently Published
Holiday 10x10 Sorting Gallery
by lukepisani3
Holiday
15m
Two Season TV Shows II
by 123Four
Television
10m
Image Sorting: Flags VI
by Barbecue
Geography
2m
More to Explore
Quiz From the Vault
Featured Blog Post
14 Easter Pick-up Lines to Find Eggs With
hide this ad
You Might Also Like...
Tags
Basketball Quiz
NCAA Quiz
1970
America
consensus
men
Player
position
team
Today's Top Quizzes in Sports
Browse Sports
hide this ad
Today's Top Quizzes in NCAA
Browse NCAA
Top Contributed Quizzes in Sports
1
Les meilleurs buteurs des matchs entre le PSG et l’OM
2
Les entraîneurs de l'OM et du PSG au 21e siècle
3
2022 World Cup Stars
4
Les joueurs passés par le PSG et l'OM
5
Players with Multiple 50 Home Run Seasons
6
FIFA Club World Cup Champions
7
Top 10 NHL Goal Scorers of All Time
8
Les joueurs passés par le LOSC et le RC Lens
9
Criteria MLB: Left Handed Sluggers
10
2023 MLB Unique Player Accomplishments
Explore More
Trending Topics
Crossword
Kpop
Disney
Marvel
Anime
NBA
Harry Potter
WWE
Pokémon
NFL
Puzzle
Song
Soccer
The Office
Country
hide this ad
More By:
commiesmasher
Quiz
Plays
Rating
Category
Featured
Created
NBA Teams' Last MVP
125,304
4.60
Sports
Feb 22, 2016
NFL Teams' Last MVP
92,101
4.52
Sports
Dec 29, 2015
NFL QB Playoff Wins (2010s)
61,784
4.73
Sports
Aug 19, 2015
NFL Playoff Coaches (2010s)
25,070
4.73
Sports
Jan 13, 2018
State Quiz: New Jersey
11,551
4.39
Geography
Mar 20, 2010
Go to Creator's Profile
Score Distribution
Quiz Creator Spotlight
commiesmasher
Follow
Send a Message
Quizzes Created
-
Created Quiz Play Count
-
More By This Creator
Popular Quizzes Today
1
Find the US States - No Outlines Minefield
2
Colored Red Africa Blitz
3
Find the 'City' Movie
4
The Countries of the World
5
5x2 Blitz: Bands
6
Find the US States
7
Find the Countries of Europe - No Outlines Minefield
8
US States
More Sports Quizzes
World Cup Face-Off: Who Went Further?
Published
Trending Quizzes
Colored Red Europe Blitz I
Colored Red Europe Blitz II
Colored Red Africa Blitz II
Colored Red Europe Blitz III
Colored Red Africa Blitz III
Recently Updated
Odd Team Out - Big 4 Players
pecheneg
Quick Pick: 20 Twenties
pecheneg
March Madness Men's Triple Doubles
pecheneg
How Do You Spell That?
pecheneg
Godzilla Movies
pecheneg
Grab Bag: 4-10 Letters
pecheneg
2024 March Madness Bracket
pecheneg
Famous TV Couples
Peacemaker
Champions League XIs: Real Madrid
pecheneg
Largest US Cities 1790-2010
pecheneg
Trending Topics
Harry Potter
Crossword
Kpop
Anime
Disney
NBA
Marvel
Pokémon
WWE
The Office
Puzzle
Song
Country
NFL
Soccer
Your Account Isn't Verified!
In order to create a playlist on Sporcle, you need to verify the email address you used during registration. Go to your
Sporcle Settings
to finish the process.
Report this User
Report this user for behavior that violates our
Community Guidelines
.
Details:
Send Report
Go to the Sporcle.com Mobile Site →
Comments